Największe miasta Zatoki Fińskiej na mapie - Statystyki

Ogólne statystyki
  • Ten quiz został rozwiązany 32 razy
  • Średni wynik to 4 z 9
Odpowiedzi na mapie
Odpowiedzi zakodowano w zielono-czerwonej skali na mapie do tego quizu, zgodnie z poniższymi procentami.
 
Statystyki odpowiedzi
Państwo Populacja Miasto % Poprawnych
Finlandia 658 674 Helsinki
100%
Estonia 437 619 Tallinn
93%
Rosja 5,65 mln Petersburg
87%
Finlandia 292 913 Espoo
53%
Finlandia 51 695 Kotka
40%
Rosja 75 355 Wyborg
33%
Rosja 67 720 Sosnowy Bór
17%
Finlandia 50 641 Porvoo
13%
Rosja 85 717 Peterhof
3%
Nie znaleziono quizów pasujących do podanych kryteriów
Rozkład punktacji
Procent ludzi z każdym wynikiem
Percentyl według liczby udzielonych odpowiedzi
Twoja historia wyników
Nie rozwiązałeś tego quizu